00936nam a2200265Ia 4500003000900000005001700009008004100026040003100067040001300098041000800111100002600119100001400145245007600159250000900235260002800244260000900272300001100281300001000292490000600302520005100308942001200359999001700371952010000388952018200488IT-RoPAU20220918175815.0120407s9999 xx 000 0 und d aIT-RoPAUc20130204112754.0 cIT-RoPAU aita aFrancesco Chiesa9349 ccan.9350 aFiat pax! Enciclica Summi Puntificatus - Pio XII. Schiarimenti e testo. aAlba aPia Società San Paolo c1939 a266 p. c18 cm v1 aIndice Prefazione Introduzione Errori Rimedi cBK2ddc c30917d30917 00102ddc406P_B571aPAULUSbPAULUSd2012-04-11l0oP B5r2012-04-11 00:00:00w2012-04-11yBK 00102ddc406P_B571aPAULUSbPAULUSd2012-04-11l0oP B5r2012-04-11 00:00:00w2012-04-11yBKzInserito da: Sergio In data: 27 settembre 2011 fondo: Via A.Severo 56 Progr:8677